Geography Quiz

Random Geography or State Quiz

Dallas & Fort Worth Metroplex Quiz Stats

 Plays Quiz not verified by Sporcle

Challenge
Share
Tweet
Embed
Score 0/24 Timer 07:00
0 Plays Today
POPULATION CITY % Correct
1,299,542Dallas
99.6%
727,577Fort Worth
98.5%
380,085Arlington
97.3%
273,613Plano
94.3%
205,541Irving
85.1%
222,013Garland
80.5%
113,383Denton
74.8%
163,351Grand Prairie
71.8%
133,509Mesquite
71%
127,672McKinney
70.6%
116,989Frisco
67.6%
101,042Richardson
63%
POPULATION CITY % Correct
46,334Grapevine
59.2%
129,209Carrollton
55%
95,290Lewisville
52.3%
84,246Allen
50.4%
51,277Euless
48.9%
64,669Flower Mound
45.8%
49,047DeSoto
43.5%
63,343North Richland Hills
38.9%
46,979Bedford
38.9%
56,368Mansfield
35.9%
56,199Rowlett
28.6%
45,028Cedar Hill
22.1%

You're not logged in!

Compare scores with friends on all Sporcle quizzes.
OR
Log In

You Might Also Like...

Show Comments

Extras

Top Quizzes Today


Score Distribution

Your Account Isn't Verified!

In order to create a playlist on Sporcle, you need to verify the email address you used during registration. Go to your Sporcle Settings to finish the process.

Report this User

Report this user for behavior that violates our Community Guidelines.

Details: